| 000 | 00328nam a22001337a 4500 | ||
|---|---|---|---|
| 020 | _a 9780194420969 | ||
| 022 | _a428.24 SWA | ||
| 082 | _a428.24 SWA | ||
| 245 |
_aPrictical English Usage : Easier, faster reference _c Michael Swan |
||
| 260 |
_aUK _bOxford _c2005 |
||
| 300 | _a653 p. PB | ||
| 590 | _a.. | ||
| 942 |
_2ddc _cBK |
||
| 999 |
_c616906 _d616906 |
||